Turbo libraries : a programmer's reference

Αποθηκεύτηκε σε:
Λεπτομέρειες βιβλιογραφικής εγγραφής
Κύριος συγγραφέας: Weiskamp, Keith
Άλλοι συγγραφείς: Shammas, Namir Clement 1954-, Pronk, Ron
Μορφή: Βιβλίο
Γλώσσα:English
Δημοσίευση: New York : John Wiley, 1989
Θέματα:
Ετικέτες: Προσθήκη ετικέτας
Δεν υπάρχουν, Καταχωρήστε ετικέτα πρώτοι!

MARC

LEADER 00000nam a2200000 i 4500
001 1/51584
008 960327s1989 eng d
020 |a 0471610054 
035 |l 10027198 
040 |a GR-MY-UA  |b gre  |e aacr 
041 0 |a eng 
082 0 |a 005.133 
100 1 |a Weiskamp, Keith. 
245 1 0 |a Turbo libraries :  |b a programmer's reference /  |c Keith Weiskamp, N.C.Shammas 
260 |a New York :   |b John Wiley,   |c 1989 
300 |a XXIII, 478 P 
650 0 0 |a Programming languages (Electronic computers) 
700 1 |a Shammas, Namir Clement  |d 1954- 
700 1 |a Pronk, Ron. 
852 |a INST  |b CHIOS  |e 19960327  |h 005.133 WEI  |p 005200002448  |q 005200002448  |t BK  |y 0 
909 |a Χ  |b 017105